LEADER 01327cam a22002894a 4500 001 000000121738 003 CaOOAMICUS 005 20100512155957.0 008 100512t2010 it a b 000 u ita r 040 $aPUL$bita$dReb 041 1 $aita$heng 082 04$a937.09 100 1 $aWard-Perkins, Bryan.$0(OLS)http://pul/name/76255 240 10$aFall of Rome and the end of civilization$lItaliano.$0(OLS)http://pul/title/153161 245 13$aLa caduta di Roma e la fine della civiltą /$cBryan Ward-Perkins ; traduzione di Mario Carpitella. 260 $aBari ; Roma :$bGius. Laterza & figli,$c©2010. 300 $aviii, 293 p. :$bill. ;$c21 cm. 490 1 $aEconomica Laterza ;$v526 651 4$aRoma$xStoria$yImpero, 30 a.C.-284 d.C.$0(OLS)http://pul/subject/2293 700 1 $aCarpitella, Mario.$0(OLS)http://pul/name/87 830 0$aEconomica Laterza ;$v526.$0(OLS)http://pul/title/39309 850 $aPUL 852 $aPUL$W1$xSL Cons. Gen., Altre Classi 3$y75$m937. 09 WARBR 1$j139726$qDDC 21$B138917$CPULBib$Z2$F138917 $H113636 $82 941 1 $a9 996 $6082$a937.09$9(OLS)http://pul/classification/204 996 $6245$aLa caduta di Roma e la fine della civiltą$9(OLS)http://pul/title/153160 996 $6260$aBari ; Roma :$bGius. Laterza & figli$9(OLS)http://pul/publisher/81307 LEADER 01135nam a2200265 u 4500 001 000000110606 003 CaOOAMICUS 005 20080313094929.0 008 080313s1979 it u000 u ita u 020 $a88-7030-901-0 040 $aPUL$bita$dLDB 245 00$aEpistemologia e scienze umane /$cEvandro Agazzi ... [et al.] ; a cura di Vittorio Possenti. 260 $aMilano :$bMassimo,$c1979. 300 $a223 p. ;$c21 cm. 490 1 $aFilosofia e scienze umane ;$v01 650 14$aEpistemologia.$0(OLS)http://pul/subject/439 700 1 $aAgazzi, Evandro,$d1934-$0(OLS)http://pul/name/5575 700 1 $aPossenti, Vittorio,$d1938-$0(OLS)http://pul/name/1995 830 0$aFilosofia e scienze umane (Massimo) ;$v01.$0(OLS)http://pul/title/139088 850 $aPUL 852 $aPUL$W1$xDP1 Filosofia 1$y19$m743 B 24$j126698$qStampati$q $B125423$CPULBib$Z2$F125423 $H65292 $81 941 1 $a8 996 $6020$a88-7030-901-0$9(OLS)http://pul/number/137506 996 $6245$aEpistemologia e scienze umane$9(OLS)http://pul/title/139087 996 $6260$aMilano :$bMassimo$9(OLS)http://pul/publisher/48143